Margarita sobre el agua (Registro nro. 163718)

Detalles MARC
000 -LEADER
campo de control de longitud fija 01005nam a2200229 i 4500
001 - NÚMERO DE CONTROL
campo de control 163718
003 - IDENTIFICADOR DE NÚMERO DE CONTROL
campo de control ES-MaACL
005 - FECHA Y HORA DE LA ÚLTIMA TRANSACCIÓN
campo de control 20250806062200.0
008 - DATOS DE LONGITUD FIJA--INFORMACIÓN GENERAL
campo de control de longitud fija 991201s1753 sp |||| | spa d
040 ## - FUENTE DE CATALOGACIÓN
Centro catalogador/agencia de origen CCPB | B
Lengua de catalogación spa
Centro/agencia transcriptor CCPB | B
080 ## - NÚMERO DE LA CLASIFICACIÓN DECIMAL UNIVERSAL
Número de la Clasificación Decimal Universal 615.838
100 1# - ENTRADA PRINCIPAL--NOMBRE DE PERSONA
Nombre de persona Rodríguez Corcho, Francisco.
9 (RLIN) 147165
245 10 - MENCIÓN DEL TÍTULO
Título Margarita sobre el agua
Resto del título : preciosa perla, que en la divina concha del sagrado texto coge el rocío del cielo, con que evidencia, que el agua no es remedio universal /
Mención de responsabilidad, etc. su author ... Francisco Rodríguez Corcho, Margaro y Margarita...
260 ## - PUBLICACIÓN, DISTRIBUCIÓN, ETC.
Lugar de publicación, distribución, etc. [Madrid] :
Nombre del editor, distribuidor, etc. en la imprenta de Joseph Francisco Martínez Abad,
Fecha de publicación, distribución, etc. [1753]
300 ## - DESCRIPCIÓN FÍSICA
Extensión [12], 105 p. ;
Dimensiones 4º.
597 ## - NOTA DE DESCRIPCIÓN FÍSICA
NOTA DE DESCRIPCIÓN FÍSICA Sign.: []6, A-M4, []1.
597 ## - NOTA DE DESCRIPCIÓN FÍSICA
NOTA DE DESCRIPCIÓN FÍSICA Texto a dos col.
650 04 - PUNTO DE ACCESO ADICIONAL DE MATERIA--TÉRMINO DE MATERIA
Término de materia o nombre geográfico como elemento de entrada Hidroterapia-
Subdivisión de forma Obras anteriores a 1800.
9 (RLIN) 147184
650 #7 - PUNTO DE ACCESO ADICIONAL DE MATERIA--TÉRMINO DE MATERIA
Término de materia o nombre geográfico como elemento de entrada Medicina natural
Fuente del encabezamiento o término embne
9 (RLIN) 14931
852 ## - LOCALIZACIÓN
Ubicación ES-MaACL
Número de control de estantería R-3097(7)
Encuadernación Olim:T-627-F
Nota libre . - Enc. pasta española
-- . - Enc. en un vol. facticio
Existencias
Estatus retirado Estado de pérdida Estado de daño No para préstamo Colección Biblioteca de origen Biblioteca actual Ubicación en estantería Fecha de adquisición Total de préstamos Signatura topográfica completa Código de barras Visto por última vez Precio de reemplazo Tipo de ítem Koha
        Libros del s. XVIII Biblioteca del Ateneo de Madrid Biblioteca del Ateneo de Madrid Depósito 17/01/2008   R-3097(7) 1171564 23/02/2023 23/02/2023 Libro impreso antiguo